000 00931nmm a2200313 a 4500
001 ocm0002016313
003 TR-IsHL
005 20201028180307.0
008 181207s2015 tu tur
007 cr cn
020 _a9786059902120
035 _a2016313
_b(N$T)
050 0 4 _aD21
_b.F54 2015 2015
090 0 4 _aD21
_b.F54 2015 2015
100 1 _aField, Jacob
245 1 0 _aDünyanın kanlı tarihi
_h[electronic resource] /
_cJacob Field ; çeviri, Gonca Öner ; editör Banu Karakaş
250 _a1. Baskı
260 _aİstanbul :
_bMaya Kitap,
_c2015
300 _a187 p.
500 _aDizin var.
650 4 _aTarih
650 4 _aHistory
650 0 _aDünya tarihi
650 0 _aWorld history
650 7 _aHISTORY / World
_2bisacsh
700 1 _aÖner, Gonca
700 1 _aKarakaş, Banu
856 4 0 _uhttp://search.ebscohost.com/login.aspx?direct=true&scope=site&db=e011xww&AN=2016313
999 _c19073
_d19073